000 00432nmm a2200145Ia 4500
008 251105s9999||||xx |||||||||||||||||und||
041 _aspa
100 _aOró Badia, Ramon
245 0 _aLa protección de datos
264 _a[Madrid, España] :
_bUniversitat Oberta de Catalunya,
_c2015
300 _a88 páginas
650 _aTechnology and computing
856 _uhttps://public.digitaliapublishing.com/a/43996
942 _cCF
999 _c105746
_d105746